[Event "Stay Safe Play From Home 325"]
[Site "Mustafa Kemal Atatürk"]
[Date "2020.07.23"]
[Round "6"]
[White "AChessPlayer"]
[Black "Broken sword"]
[Result "0-1"]
[WhiteElo "2355"]
[BlackElo "2480"]
[Annotator "TA"]
[PlyCount "138"]
[EventDate "2020.07.23"]
[EventType "swiss (blitz)"]

{[%evp 12,137,7,0,0,-5,-6,-20,-18,-25,-8,-26,6,0,12,10,12,6,4,-1,6,-16,-18,-33,0,0,0,0,-8,-35,-25,-25,-33,-40,-32,-216,-211,-242,-216,-210,-210,-213,-213,-235,-208,-304,-293,-309,-297,-308,-229,-282,-256,-251,-137,-154,-133,-141,-100,-133,-133,-583,-563,-521,-450,-556,-445,-431,-438,-432,-427,-535,0,0,0,0,5314,5173,3465,2646,1099,-127,-119,-121,-6,-190,-165,-29975,-29976,-29981,-29981,-29984,-29985,-29984,-29985,-29988,-29988,-29988,-29988,-29988,-29988,-29988,-29989,-29990,-29990,-29993,-29994,-29995,-29992,-29992,-29993,-29993,-29994,-29994,-29994,-29994,-29994,-29994,-29995,-29995,-29996,-29996,-29997,-29997,-29998,-29999,-29999,-29999]} 1. e3 d5 2. Nf3 c6 3. d4 Nf6 4. c4 Bg4 5. Nc3 e6 6. Qb3 Qb6 7. Ne5 Bf5 {D11: Slav Defence: 3 Nf3 sidelines and 3...Nf6 4 e3 Bg4.} 8. c5 Qc7 9. f4 Nbd7 {The position is equal.} 10. Be2 h6 11. Qd1 {[#]} Bh7 $146 ({Predecessor:} 11... b6 12. b4 Be7 13. O-O O-O 14. Bd2 Ne4 15. Nxe4 Bxe4 16. Nd3 f5 17. Nb2 Kh7 {½-½ (60) Nader,M (2152)-Elazzawy,W (1918) Cairo 2016}) 12. Bd2 Nxe5 13. fxe5 Ne4 14. Nxe4 Bxe4 15. O-O Be7 16. Bh5 O-O 17. b4 Bf5 18. Bg4 Bg6 19. Qe2 b6 20. a4 bxc5 21. bxc5 Rab8 22. Bh5 Bf5 23. Rxf5 $2 (23. Bg4 $1 $15) 23... exf5 $19 24. Rf1 Qd7 25. Bf3 Rb2 26. Qd3 Rfb8 27. Bc1 R2b3 28. Qc2 (28. Qd2 $142) 28... Bg5 29. Re1 g6 30. Bd1 R3b4 31. Qf2 Rb1 32. Bc2 {[#]} R1b7 (32... Ra1 $1 $19 33. h4 Bd8) 33. h4 $17 Be7 34. h5 Kg7 35. hxg6 fxg6 36. g4 $2 {[%mdl 8192]} (36. Rf1 $17) 36... fxg4 $19 37. Qg3 Qe6 38. Rf1 Rf8 39. Rxf8 Bxf8 ({Less strong is} 39... Kxf8 40. e4 $19) 40. e4 Rf7 41. Qh4 Be7 $2 (41... dxe4 $19 42. Qxh6+ Kg8) 42. Qxh6+ $11 Kg8 {Hoping for ...dxe4.} 43. exd5 cxd5 $2 {[%mdl 8192]} (43... Qxd5 $11 44. Qxg6+ Kh8) 44. Bxg6 $18 Rg7 {[#]} 45. Bh7+ $1 {[%mdl 576] Discovered Attack} Kf7 (45... Rxh7 46. Qxe6+) 46. Qxe6+ $2 (46. Qh5+ $18 Kf8 47. Bh6) 46... Kxe6 {[%mdl 4096] Endgame KRB-KB} 47. Bd3 g3 (47... Bg5 $17 48. Bxg5 Rxg5) 48. Bd2 $2 {White is now going downhill.} (48. Bf1 $1 $11) 48... Bg5 $19 49. Kg2 $2 (49. Bxg5 $19 Rxg5 50. Be2) 49... Bxd2 {Black mates.} 50. Be2 Be3 51. Bf3 Bxd4 52. c6 Bxe5 53. c7 Bxc7 54. a5 Bxa5 55. Be2 Bc7 56. Bf3 Be5 57. Be2 Rh7 58. Bd3 Rh2+ 59. Kg1 Rf2 60. Bf1 Kd6 61. Bg2 Kc5 62. Kh1 Kb4 63. Kg1 a5 64. Kh1 Kc5 65. Kg1 a4 66. Bh3 a3 67. Bf5 a2 68. Bb1 a1=Q {[%cal Ra1b1]} 69. Kh1 Qxb1# {Accuracy: White = 52%, Black = 66%.} 0-1

[Event "Stay Safe Play From Home 325"]
[Site "Mustafa Kemal Atatürk"]
[Date "2020.07.23"]
[Round "6"]
[White "SoulofWolf"]
[Black "Lamborghini"]
[Result "0-1"]
[WhiteElo "2090"]
[BlackElo "2245"]
[PlyCount "106"]
[EventDate "2020.07.23"]
[EventType "swiss (blitz)"]

1. d4 {[%emt 0:00:00]} Nf6 {[%emt 0:00:02]} 2. Nf3 {[%emt 0:00:00]} c5 {[%emt 0:00:01]} 3. d5 {[%emt 0:00:01]} d6 {[%emt 0:00:01]} 4. c4 {[%emt 0:00:00]} g6 {[%emt 0:00:01]} 5. Nc3 {[%emt 0:00:02]} Bg7 {[%emt 0:00:00]} 6. Bg5 {[%emt 0:00:00]} O-O {[%emt 0:00:00]} 7. h3 {[%emt 0:00:00]} Qb6 {[%emt 0:00:01]} 8. Qb3 {[%emt 0:00:01]} Qxb3 {[%emt 0:00:02]} 9. axb3 {[%emt 0:00:00]} Na6 {[%emt 0:00:00]} 10. e3 {[%emt 0:00:01]} Nb4 {[%emt 0:00:01]} 11. Rc1 {[%emt 0:00:03]} a6 {[%emt 0:00:01]} 12. Be2 {[%emt 0:00:00]} Bf5 {[%emt 0:00:01]} 13. O-O {[%emt 0:00:01]} Bc2 {[%emt 0:00:01]} 14. Bd1 {[%emt 0:00:04]} Bd3 {[%emt 0:00:01]} 15. Re1 {[%emt 0:00:01]} Bf5 {[%emt 0:00:02]} 16. e4 {[%emt 0:00:01]} Bd7 {[%emt 0:00:02]} 17. e5 {[%emt 0:00:02]} Nd3 {[%emt 0:00:03]} 18. exf6 {[%emt 0:00:04]} exf6 {[%emt 0:00:01]} 19. Bh4 {[%emt 0:00:07]} Nxc1 {[%emt 0:00:01]} 20. Bc2 {[%emt 0:00:00]} Nxb3 {[%emt 0:00:05]} 21. Bxb3 {[%emt 0:00:00]} Rfe8 {[%emt 0:00:01]} 22. Ra1 {[%emt 0:00:00]} b5 {[%emt 0:00:01]} 23. Bg3 {[%emt 0:00:03]} b4 {[%emt 0:00:01]} 24. Na4 {[%emt 0:00:02]} Bf8 {[%emt 0:00:00]} 25. Nb6 {[%emt 0:00:01]} Rad8 {[%emt 0:00:02]} 26. Nxd7 {[%emt 0:00:00]} Rxd7 {[%emt 0:00:00]} 27. Rxa6 {[%emt 0:00:01]} Re2 {[%emt 0:00:01]} 28. Ra2 {[%emt 0:00:03]} g5 {[%emt 0:00:01]} 29. Kf1 {[%emt 0:00:01]} Re8 {[%emt 0:00:02]} 30. Nd2 {[%emt 0:00:01]} f5 {[%emt 0:00:01]} 31. f3 {[%emt 0:00:00]} f4 {[%emt 0:00:01]} 32. Bf2 {[%emt 0:00:00]} Bg7 {[%emt 0:00:01]} 33. Ne4 {[%emt 0:00:01]} h6 {[%emt 0:00:01]} 34. Ra5 {[%emt 0:00:01]} f5 {[%emt 0:00:01]} 35. Nd2 {[%emt 0:00:01]} Re3 {[%emt 0:00:02]} 36. Bd1 {[%emt 0:00:01]} Rd3 {[%emt 0:00:01]} 37. Bc2 {[%emt 0:00:01]} Rxd2 {[%emt 0:00:01]} 38. Bb1 {[%emt 0:00:01]} Rxb2 {[%emt 0:00:01]} 39. Ra1 {[%emt 0:00:01]} Rxf2+ {[%emt 0:00:02]} 40. Kxf2 {[%emt 0:00:01]} Bxa1 {[%emt 0:00:00]} 41. Bxf5 {[%emt 0:00:02]} Ra7 {[%emt 0:00:00]} 42. Be6+ {[%emt 0:00:01]} Kg7 {[%emt 0:00:01]} 43. g3 {[%emt 0:00:00]} Kf6 {[%emt 0:00:00]} 44. gxf4 {[%emt 0:00:00]} gxf4 {[%emt 0:00:01]} 45. Ke2 {[%emt 0:00:01]} Ke5 {[%emt 0:00:00]} 46. Kd3 {[%emt 0:00:00]} Bd4 {[%emt 0:00:01]} 47. Bd7 {[%emt 0:00:01]} Ra3+ {[%emt 0:00:00]} 48. Kc2 {[%emt 0:00:01]} Re3 {[%emt 0:00:00]} 49. Bc6 {[%emt 0:00:00]} Rc3+ {[%emt 0:00:00]} 50. Kd2 {[%emt 0:00:01]} Rxc4 {[%emt 0:00:00]} 51. Ke2 {[%emt 0:00:00]} Rc3 {[%emt 0:00:00]} 52. Kf1 {[%emt 0:00:01]} Re3 {[%emt 0:00:00]} 53. Kg2 {[%emt 0:00:00]} Re2+ {[%emt 0:00:01] Czas partii (Lag: Av=0.39s, max=1.0s)} 0-1

[Event "Stay Safe Play From Home 325"]
[Site "Mustafa Kemal Atatürk"]
[Date "2020.07.23"]
[Round "6"]
[White "Sfantul321"]
[Black "Trotsky"]
[Result "1-0"]
[WhiteElo "2050"]
[BlackElo "1593"]
[Annotator "NA"]
[PlyCount "73"]
[EventDate "2020.07.23"]
[EventType "swiss (blitz)"]

1. c4 {[%emt 0:00:04]} c5 {[%emt 0:00:02]} 2. Nc3 {[%emt 0:00:00]} Nc6 {[%emt 0:00:01]} 3. g3 {[%emt 0:00:00]} e6 {[%emt 0:00:00]} 4. Bg2 {[%emt 0:00:00]} d6 {[%emt 0:00:01]} 5. e3 {[%emt 0:00:00]} a6 {[%emt 0:00:01]} 6. Nge2 {[%emt 0:00:00]} Qc7 {[%emt 0:00:01]} 7. O-O {[%emt 0:00:00]} b6 {[%emt 0:00:01]} 8. h3 {[%emt 0:00:00]} Bb7 {[%emt 0:00:00]} 9. Rb1 {[%emt 0:00:01]} Rd8 {[%emt 0:00:01]} 10. d4 {[%emt 0:00:00]} Nf6 {[%emt 0:00:01]} 11. d5 {[%emt 0:00:01]} Ne5 {[%emt 0:00:01]} 12. dxe6 {[%emt 0:00:01]} fxe6 {[%emt 0:00:01]} 13. Bxb7 {[%emt 0:00:01]} Qxb7 {[%emt 0:00:01]} 14. e4 {[%emt 0:00:00]} Be7 {[%emt 0:00:02]} 15. f4 {[%emt 0:00:01]} Ng6 {[%emt 0:00:03]} 16. Qc2 {[%emt 0:00:00]} O-O {[%emt 0:00:02]} 17. Be3 {[%emt 0:00:01]} d5 {[%emt 0:00:01]} 18. cxd5 {[%emt 0:00:01]} exd5 {[%emt 0:00:01]} 19. e5 {[%emt 0:00:00]} Ne4 {[%emt 0:00:01]} 20. Nxe4 {[%emt 0:00:02]} dxe4 {[%emt 0:00:01]} 21. Nc3 {[%emt 0:00:00]} c4 {[%emt 0:00:03]} 22. Qxe4 {[%emt 0:00:02]} Qc8 {[%emt 0:00:03]} 23. Rbc1 {[%emt 0:00:02]} Qxh3 {[%emt 0:00:04]} 24. Qg2 {[%emt 0:00:02]} Qf5 {[%emt 0:00:02]} 25. Nd5 {[%emt 0:00:03]} Bc5 {[%emt 0:00:01]} 26. Bxc5 {[%emt 0:00:01]} bxc5 {[%emt 0:00:01]} 27. Rxc4 {[%emt 0:00:02]} Kh8 {[%emt 0:00:03]} 28. Rxc5 {[%emt 0:00:01]} Qh5 {[%emt 0:00:04]} 29. Rfc1 {[%emt 0:00:02]} Qh6 {[%emt 0:00:03]} 30. R5c4 {[%emt 0:00:02]} Nxf4 {[%emt 0:00:02]} 31. Nxf4 {[%emt 0:00:01]} Rxf4 {[%emt 0:00:01]} 32. Rxf4 {[%emt 0:00:01]} g6 {[%emt 0:00:01]} 33. Rcf1 {[%emt 0:00:01]} Qg7 {[%emt 0:00:02]} 34. Qe4 {[%emt 0:00:02]} Rg8 {[%emt 0:00:01]} 35. e6 {[%emt 0:00:01]} Qh6 {[%emt 0:00:01]} 36. Qe5+ {[%emt 0:00:01]} Qg7 {[%emt 0:00:03]} 37. Qxg7+ {[%emt 0:00:01] . Âðåìÿ (Lag: Av=0.19s, max=0.5s)} 1-0

[Event "Stay Safe Play From Home 325"]
[Site "Mustafa Kemal Atatürk"]
[Date "2020.07.23"]
[Round "6"]
[White "SelamiSahin"]
[Black "Lazieri3"]
[Result "1-0"]
[WhiteElo "1925"]
[BlackElo "2056"]
[PlyCount "73"]
[EventDate "2020.07.23"]
[EventType "swiss (blitz)"]

1. c3 {[%emt 0:00:01]} c6 {[%emt 0:00:00]} 2. d4 {[%emt 0:00:00]} d5 {[%emt 0:00:00]} 3. Nf3 {[%emt 0:00:00]} Nf6 {[%emt 0:00:01]} 4. g3 {[%emt 0:00:00]} Bf5 {[%emt 0:00:00]} 5. Bg2 {[%emt 0:00:00]} Qc8 {[%emt 0:00:00]} 6. h4 {[%emt 0:00:03]} h6 {[%emt 0:00:01]} 7. O-O {[%emt 0:00:01]} Bh3 {[%emt 0:00:01]} 8. Bf4 {[%emt 0:00:00]} Bxg2 {[%emt 0:00:01]} 9. Kxg2 {[%emt 0:00:00]} e6 {[%emt 0:00:01]} 10. Nbd2 {[%emt 0:00:00]} Be7 {[%emt 0:00:01]} 11. Ne5 {[%emt 0:00:01]} O-O {[%emt 0:00:01]} 12. Rh1 {[%emt 0:00:03]} Nbd7 {[%emt 0:00:01]} 13. Qc2 {[%emt 0:00:01]} Nxe5 {[%emt 0:00:01]} 14. Bxe5 {[%emt 0:00:00]} Qd8 {[%emt 0:00:02]} 15. e4 {[%emt 0:00:01]} dxe4 {[%emt 0:00:02]} 16. Nxe4 {[%emt 0:00:00]} Nxe4 {[%emt 0:00:00]} 17. Qxe4 {[%emt 0:00:00]} Bd6 {[%emt 0:00:01]} 18. Rad1 {[%emt 0:00:03]} Bxe5 {[%emt 0:00:01]} 19. dxe5 {[%emt 0:00:00]} Qe7 {[%emt 0:00:00]} 20. Rd6 {[%emt 0:00:01]} Rfd8 {[%emt 0:00:00]} 21. Rhd1 {[%emt 0:00:01]} c5 {[%emt 0:00:02]} 22. Rxd8+ {[%emt 0:00:03]} Rxd8 {[%emt 0:00:00]} 23. Rxd8+ {[%emt 0:00:00]} Qxd8 {[%emt 0:00:01]} 24. Qxb7 {[%emt 0:00:00]} Qd2 {[%emt 0:00:04]} 25. Qxa7 {[%emt 0:00:03]} Qxb2 {[%emt 0:00:01]} 26. Qxc5 {[%emt 0:00:01]} Qxa2 {[%emt 0:00:01]} 27. Qd4 {[%emt 0:00:01]} Qa8+ {[%emt 0:00:09]} 28. Kh2 {[%emt 0:00:02]} g5 {[%emt 0:00:03]} 29. hxg5 {[%emt 0:00:02]} hxg5 {[%emt 0:00:00]} 30. c4 {[%emt 0:00:00]} Kg7 {[%emt 0:00:01]} 31. c5 {[%emt 0:00:01]} Kg6 {[%emt 0:00:02]} 32. Qd3+ {[%emt 0:00:05]} Kg7 {[%emt 0:00:01]} 33. Qc3 {[%emt 0:00:01]} Qc6 {[%emt 0:00:04]} 34. Kg1 {[%emt 0:00:02]} Kg6 {[%emt 0:00:02]} 35. Kh2 {[%emt 0:00:01]} Kg7 {[%emt 0:00:01]} 36. Qe3 {[%emt 0:00:00]} Qb6 {[%emt 0:00:03]} 37. cxb6 {[%emt 0:00:02] Lazieri3 resigns (Lag: Av=0.82s, max=1.6s)} 1-0

[Event "Stay Safe Play From Home 325"]
[Site "Mustafa Kemal Atatürk"]
[Date "2020.07.23"]
[Round "6"]
[White "Greblha"]
[Black "Klausen"]
[Result "1-0"]
[WhiteElo "1923"]
[BlackElo "1782"]
[PlyCount "95"]
[EventDate "2020.07.23"]
[EventType "swiss (blitz)"]

1. e4 {[%emt 0:00:01]} e6 {[%emt 0:00:01]} 2. Qe2 {[%emt 0:00:01]} c5 {[%emt 0:00:01]} 3. Nc3 {[%emt 0:00:02]} Nc6 {[%emt 0:00:01]} 4. g3 {[%emt 0:00:02]} Nd4 {[%emt 0:00:02]} 5. Qd1 {[%emt 0:00:01]} d5 {[%emt 0:00:01]} 6. d3 {[%emt 0:00:01]} dxe4 {[%emt 0:00:02]} 7. Nxe4 {[%emt 0:00:01]} Nf6 {[%emt 0:00:01]} 8. Nxf6+ {[%emt 0:00:01]} Qxf6 {[%emt 0:00:02]} 9. Bg2 {[%emt 0:00:00]} Bd6 {[%emt 0:00:02]} 10. Ne2 {[%emt 0:00:02]} O-O {[%emt 0:00:02]} 11. Nxd4 {[%emt 0:00:01]} cxd4 {[%emt 0:00:02]} 12. O-O {[%emt 0:00:01]} Rb8 {[%emt 0:00:01]} 13. Qf3 {[%emt 0:00:02]} Qe7 {[%emt 0:00:03]} 14. c4 {[%emt 0:00:01]} dxc3 {[%emt 0:00:02]} 15. bxc3 {[%emt 0:00:01]} b6 {[%emt 0:00:01]} 16. c4 {[%emt 0:00:02]} Bb7 {[%emt 0:00:01]} 17. Qe2 {[%emt 0:00:01]} Bxg2 {[%emt 0:00:02]} 18. Kxg2 {[%emt 0:00:01]} Rfd8 {[%emt 0:00:01]} 19. f3 {[%emt 0:00:01]} Bc5 {[%emt 0:00:01]} 20. Be3 {[%emt 0:00:01]} Rd7 {[%emt 0:00:02]} 21. Rad1 {[%emt 0:00:02]} Rbd8 {[%emt 0:00:01]} 22. Rd2 {[%emt 0:00:01]} Bxe3 {[%emt 0:00:02]} 23. Qxe3 {[%emt 0:00:01]} Qc5 {[%emt 0:00:01]} 24. Qxc5 {[%emt 0:00:02]} bxc5 {[%emt 0:00:01]} 25. Rfd1 {[%emt 0:00:00]} e5 {[%emt 0:00:01]} 26. Kf2 {[%emt 0:00:01]} f5 {[%emt 0:00:01]} 27. Ke3 {[%emt 0:00:01]} Rd4 {[%emt 0:00:01]} 28. h3 {[%emt 0:00:02]} Kf7 {[%emt 0:00:01]} 29. a4 {[%emt 0:00:02]} f4+ {[%emt 0:00:02]} 30. gxf4 {[%emt 0:00:01]} exf4+ {[%emt 0:00:01]} 31. Kf2 {[%emt 0:00:01]} Re8 {[%emt 0:00:01]} 32. Re2 {[%emt 0:00:02]} Rxe2+ {[%emt 0:00:02]} 33. Kxe2 {[%emt 0:00:01]} Kf6 {[%emt 0:00:00]} 34. Rb1 {[%emt 0:00:01]} Rd7 {[%emt 0:00:01]} 35. Rb5 {[%emt 0:00:01]} Re7+ {[%emt 0:00:01]} 36. Kd2 {[%emt 0:00:01]} Re3 {[%emt 0:00:01]} 37. Rxc5 {[%emt 0:00:01]} Rxf3 {[%emt 0:00:01]} 38. Kc3 {[%emt 0:00:01]} Rxh3 {[%emt 0:00:01]} 39. Rc6+ {[%emt 0:00:00]} Kf5 {[%emt 0:00:02]} 40. Rc5+ {[%emt 0:00:00]} Kg4 {[%emt 0:00:01]} 41. Rd5 {[%emt 0:00:00]} f3 {[%emt 0:00:01]} 42. c5 {[%emt 0:00:01]} f2 {[%emt 0:00:01]} 43. Rd4+ {[%emt 0:00:00]} Kf3 {[%emt 0:00:01]} 44. Rd8 {[%emt 0:00:02]} f1=Q {[%emt 0:00:00]} 45. Rf8+ {[%emt 0:00:00]} Ke2 {[%emt 0:00:00]} 46. Rxf1 {[%emt 0:00:00]} Kxf1 {[%emt 0:00:01]} 47. c6 {[%emt 0:00:01]} Rh5 {[%emt 0:00:00]} 48. d4 {[%emt 0:00:01] Zeit '} 1-0

[Event "Stay Safe Play From Home 325"]
[Site "Mustafa Kemal Atatürk"]
[Date "2020.07.23"]
[Round "6"]
[White "Haris kollari 13"]
[Black "Stefanone"]
[Result "0-1"]
[WhiteElo "1622"]
[BlackElo "2047"]
[Annotator "NA"]
[PlyCount "68"]
[EventDate "2020.07.23"]
[EventType "swiss (blitz)"]

1. e4 {[%emt 0:00:01]} d6 {[%emt 0:00:01]} 2. f4 {[%emt 0:00:01]} Nd7 {[%emt 0:00:00]} 3. Nf3 {[%emt 0:00:01]} Ngf6 {[%emt 0:00:01]} 4. Nc3 {[%emt 0:00:02]} e5 {[%emt 0:00:00]} 5. Bc4 {[%emt 0:00:02]} Be7 {[%emt 0:00:01]} 6. Bb3 {[%emt 0:00:01]} O-O {[%emt 0:00:01]} 7. O-O {[%emt 0:00:01]} c6 {[%emt 0:00:00]} 8. d3 {[%emt 0:00:01]} Qc7 {[%emt 0:00:01]} 9. f5 {[%emt 0:00:03]} Nc5 {[%emt 0:00:01]} 10. Be3 {[%emt 0:00:01]} Nxb3 {[%emt 0:00:02]} 11. axb3 {[%emt 0:00:01]} d5 {[%emt 0:00:00]} 12. Bg5 {[%emt 0:00:10]} h6 {[%emt 0:00:03]} 13. Bh4 {[%emt 0:00:02]} Nh7 {[%emt 0:00:00]} 14. Bxe7 {[%emt 0:00:02]} Qxe7 {[%emt 0:00:00]} 15. Qe2 {[%emt 0:00:01]} d4 {[%emt 0:00:01]} 16. Nd1 {[%emt 0:00:02]} f6 {[%emt 0:00:01]} 17. Nf2 {[%emt 0:00:01]} Ng5 {[%emt 0:00:02]} 18. Nh4 {[%emt 0:00:02]} Bd7 {[%emt 0:00:01]} 19. Ng6 {[%emt 0:00:01]} Qf7 {[%emt 0:00:01]} 20. h4 {[%emt 0:00:01]} Be8 {[%emt 0:00:01]} 21. hxg5 {[%emt 0:00:03]} fxg5 {[%emt 0:00:00]} 22. Nxf8 {[%emt 0:00:01]} Kxf8 {[%emt 0:00:01]} 23. Nh3 {[%emt 0:00:02]} c5 {[%emt 0:00:00]} 24. g4 {[%emt 0:00:01]} Bc6 {[%emt 0:00:01]} 25. Qd2 {[%emt 0:00:01]} Kg8 {[%emt 0:00:01]} 26. Kf2 {[%emt 0:00:04]} a6 {[%emt 0:00:01]} 27. Kg3 {[%emt 0:00:01]} b5 {[%emt 0:00:01]} 28. Rh1 {[%emt 0:00:01]} c4 {[%emt 0:00:01]} 29. Nxg5 {[%emt 0:00:01]} hxg5 {[%emt 0:00:01]} 30. Qxg5 {[%emt 0:00:01]} Kf8 {[%emt 0:00:00]} 31. Rh8+ {[%emt 0:00:02]} Qg8 {[%emt 0:00:00]} 32. Rxg8+ {[%emt 0:00:02]} Kxg8 {[%emt 0:00:00]} 33. Qe7 {[%emt 0:00:01]} Re8 {[%emt 0:00:02]} 34. Qd6 {[%emt 0:00:02]} Ba8 {[%emt 0:00:01] Time (Lag: Av=0.32s, max=0.8s)} 0-1

[Event "Stay Safe Play From Home 325"]
[Site "Mustafa Kemal Atatürk"]
[Date "2020.07.23"]
[Round "6"]
[White "Mamba2001de"]
[Black "Meini"]
[Result "1/2-1/2"]
[WhiteElo "1448"]
[BlackElo "1566"]
[Annotator "NA"]
[PlyCount "85"]
[EventDate "2020.07.23"]
[EventType "swiss (blitz)"]

1. e4 {[%emt 0:00:01]} c6 {[%emt 0:00:01]} 2. Nf3 {[%emt 0:00:01]} d5 {[%emt 0:00:00]} 3. exd5 {[%emt 0:00:01]} cxd5 {[%emt 0:00:01]} 4. d4 {[%emt 0:00:00]} Nc6 {[%emt 0:00:00]} 5. Bd3 {[%emt 0:00:01]} Bg4 {[%emt 0:00:01]} 6. c3 {[%emt 0:00:01]} e6 {[%emt 0:00:01]} 7. O-O {[%emt 0:00:01]} Nf6 {[%emt 0:00:01]} 8. h3 {[%emt 0:00:01]} Bh5 {[%emt 0:00:01]} 9. Re1 {[%emt 0:00:01]} Be7 {[%emt 0:00:01]} 10. Bf4 {[%emt 0:00:01]} O-O {[%emt 0:00:01]} 11. Nbd2 {[%emt 0:00:01]} a6 {[%emt 0:00:01]} 12. Rc1 {[%emt 0:00:01]} b5 {[%emt 0:00:01]} 13. Be5 {[%emt 0:00:02]} b4 {[%emt 0:00:01]} 14. Bxf6 {[%emt 0:00:01]} Bxf6 {[%emt 0:00:02]} 15. Qc2 {[%emt 0:00:01]} bxc3 {[%emt 0:00:07]} 16. bxc3 {[%emt 0:00:01]} Bg6 {[%emt 0:00:02]} 17. Bxg6 {[%emt 0:00:01]} hxg6 {[%emt 0:00:02]} 18. Ne5 {[%emt 0:00:01]} Rc8 {[%emt 0:00:02]} 19. Nxc6 {[%emt 0:00:01]} Rxc6 {[%emt 0:00:02]} 20. Nf3 {[%emt 0:00:01]} Qc7 {[%emt 0:00:03]} 21. Ne5 {[%emt 0:00:03]} Bxe5 {[%emt 0:00:04]} 22. dxe5 {[%emt 0:00:01]} Rc8 {[%emt 0:00:00]} 23. Re3 {[%emt 0:00:02]} Rc4 {[%emt 0:00:02]} 24. Rg3 {[%emt 0:00:04]} a5 {[%emt 0:00:01]} 25. Qb3 {[%emt 0:00:01]} Qxe5 {[%emt 0:00:03]} 26. h4 {[%emt 0:00:02]} Qf4 {[%emt 0:00:01]} 27. Rf3 {[%emt 0:00:02]} Qxc1+ {[%emt 0:00:02]} 28. Kh2 {[%emt 0:00:02]} Qh6 {[%emt 0:00:01]} 29. g3 {[%emt 0:00:02]} g5 {[%emt 0:00:01]} 30. Kg2 {[%emt 0:00:02]} gxh4 {[%emt 0:00:00]} 31. gxh4 {[%emt 0:00:01]} Rxh4 {[%emt 0:00:02]} 32. Qb7 {[%emt 0:00:03]} Rh2+ {[%emt 0:00:00]} 33. Kf1 {[%emt 0:00:02]} Rc4 {[%emt 0:00:01]} 34. Qb8+ {[%emt 0:00:02]} Kh7 {[%emt 0:00:00]} 35. Qxh2 {[%emt 0:00:02]} Qxh2 {[%emt 0:00:02]} 36. Ke2 {[%emt 0:00:01]} Qe5+ {[%emt 0:00:01]} 37. Re3 {[%emt 0:00:01]} Qxc3 {[%emt 0:00:03]} 38. Kf3 {[%emt 0:00:01]} Qxe3+ {[%emt 0:00:06]} 39. Kxe3 {[%emt 0:00:01]} Rc2 {[%emt 0:00:00]} 40. Kd3 {[%emt 0:00:01]} Rxa2 {[%emt 0:00:00]} 41. f3 {[%emt 0:00:01]} Rf2 {[%emt 0:00:00]} 42. Ke3 {[%emt 0:00:02]} Rxf3+ {[%emt 0:00:01]} 43. Kxf3 {[%emt 0:00:00] Zeit} 1/2-1/2

[Event "Stay Safe Play From Home 325"]
[Site "Mustafa Kemal Atatürk"]
[Date "2020.07.23"]
[Round "6"]
[White "Mandy"]
[Black "Klasman"]
[Result "0-1"]
[WhiteElo "873"]
[BlackElo "1387"]
[Annotator "NA"]
[PlyCount "30"]
[EventDate "2020.07.23"]
[EventType "swiss (blitz)"]

1. d4 {[%emt 0:00:03]} f5 {[%emt 0:00:01]} 2. Bf4 {[%emt 0:00:01]} Nf6 {[%emt 0:00:01]} 3. e3 {[%emt 0:00:01]} e6 {[%emt 0:00:01]} 4. Nf3 {[%emt 0:00:01]} d5 {[%emt 0:00:01]} 5. h3 {[%emt 0:00:01]} c5 {[%emt 0:00:01]} 6. Bd3 {[%emt 0:00:01]} Nc6 {[%emt 0:00:01]} 7. c3 {[%emt 0:00:01]} Qb6 {[%emt 0:00:03]} 8. Nbd2 {[%emt 0:00:01]} Qxb2 {[%emt 0:00:01]} 9. O-O {[%emt 0:00:10]} Qxc3 {[%emt 0:00:01]} 10. Rc1 {[%emt 0:00:17]} Qxd3 {[%emt 0:00:02]} 11. Ne5 {[%emt 0:00:11]} Nxe5 {[%emt 0:00:04]} 12. Bxe5 {[%emt 0:00:05]} Ne4 {[%emt 0:00:02]} 13. Bxg7 {[%emt 0:00:02]} Qxd2 {[%emt 0:00:05]} 14. Qxd2 {[%emt 0:00:02]} Nxd2 {[%emt 0:00:01]} 15. Rfe1 {[%emt 0:00:01]} Bxg7 {[%emt 0:00:02] Zeit (Lag: Av=0.56s, max=1.7s)} 0-1

[Event "Stay Safe Play From Home 325"]
[Site "Mustafa Kemal Atatürk"]
[Date "2020.07.23"]
[Round "7"]
[White "Broken sword"]
[Black "SelamiSahin"]
[Result "1-0"]
[WhiteElo "2491"]
[BlackElo "1995"]
[Annotator "TA"]
[PlyCount "101"]
[EventDate "2020.07.23"]
[EventType "swiss (blitz)"]

{[%evp 14,101,37,29,27,20,39,9,20,0,0,0,31,-7,-8,-6,104,106,133,87,96,66,75,78,168,162,180,155,161,144,143,126,201,114,142,133,142,136,174,177,215,218,213,140,204,174,363,358,529,407,713,417,1500,1435,5880,5054,5622,738,4958,4958,1601,892,1516,850,29981,29980,29971,818,3056,2749,29979,6195,29976,29976,29982,29983,29980,29980,29973,7114,29996,0,29958,0,29962,1831,12816,5843,29992,6529]} 1. e4 c6 2. d4 d5 3. Nc3 dxe4 4. Nxe4 Nf6 5. Nxf6+ exf6 6. c3 Bd6 7. Bd3 O-O 8. Qc2 Re8+ {B15: Caro-Kann: 3 Nc3: 3...g6 and 3...dxe4 4 Nxe4 Nf6 5 Nxf6+ exf6.} 9. Ne2 h6 10. Bd2 Qc7 {The position is equal.} 11. O-O-O Be6 12. Kb1 {[#]} Nd7 $146 ({Predecessor:} 12... b5 13. Ng3 Nd7 14. Ne4 Bf4 15. Be1 f5 16. Ng3 g6 17. Ne2 Bd6 18. g4 fxg4 19. Bxg6 Nf6 20. Bd3 Bd5 21. Rf1 Bf3 22. Ng3 Bf4 23. Be2 Rxe2 {0-1 (23) Darazs,Z (2019)-Martiska,P (2218) Slovakia 2019}) 13. g3 b5 14. Nf4 a6 (14... Bg4 $11 {remains equal.}) 15. Nxe6 $16 fxe6 16. Rhe1 c5 17. Be3 cxd4 18. Bxd4 e5 (18... Bc5 $16 {keeps fighting.}) 19. Be3 $18 Nc5 20. Bh7+ Kh8 21. Bg6 Red8 22. h4 a5 (22... Qe7 $16 {was called for.} 23. Bf5 Rab8) 23. Qc1 ({White should try} 23. g4 $18) 23... Bf8 {[#]} 24. g4 $1 Rxd1 25. Rxd1 Rd8 26. g5 Rxd1 27. Qxd1 Qd7 28. Qe2 fxg5 (28... f5 $16 29. gxh6 gxh6 30. Bxc5 Bxc5) 29. hxg5 Qe6 $2 (29... b4 {was necessary.} 30. Bc2 Qf7 31. cxb4 axb4 32. Bxc5 {[%mdl 64] Discovered Attack} Bxc5) 30. Bc2 e4 (30... b4 $142 31. cxb4 axb4) 31. gxh6 gxh6 (31... b4 $142 32. hxg7+ Kxg7) 32. Qh5 Bg7 (32... Qd6 $142 33. Qf7 Bg7 34. Qe8+ Bf8) 33. Qxc5 Qh3 34. Qd5 {Threatening mate with Qd8+.} Qf1+ 35. Qd1 Qc4 36. Qg4 Qf1+ 37. Bd1 Qc4 38. a3 Qd3+ 39. Bc2 Qf1+ 40. Qd1 (40. Ka2 $142 Qd3 41. Bxd3 exd3 42. Bd4 Bxd4 43. cxd4 h5 44. Qf3 Kg8 45. d5) 40... Qc4 41. Qd8+ Kh7 42. Qe7 (42. Qe8 $142 Be5 43. Qxe5 Kg6 44. Bxe4+ Kf7 45. Bd5+ Qxd5 46. Qxd5+ Kf6 47. Qd6+ Kf7 48. f3) 42... Qf1+ 43. Bc1 Qxf2 44. Qxe4+ Kg8 45. Bb3+ Kh8 46. Qe8+ (46. Bf4 $142 Qg1+ 47. Ka2 Qc5 48. Qe6 Qf8 49. Bd6 a4 50. Bxf8 axb3+ 51. Kxb3 Bxf8 52. Qe5+ Kh7 53. Qxb5) 46... Kh7 47. Qe4+ Kh8 48. Bc2 {[%csl Gc2][%cal Re4h7]} Kg8 49. Qa8+ (49. Bf4 $142 Qg1+ 50. Ka2 Qc5 51. Be3 Qc8 52. Qh7+ Kf8 53. Bb3 Qc6 54. Qg8+ Ke7 55. Qxg7+ Ke8 56. Qf7+ Kd8 57. Be6) 49... Kf7 50. Qxa5 Kf6 51. Qxb5 {Accuracy: White = 45%, Black = 31%.} (51. Qd8+ $142 Ke6 52. Bb3+ Kf5 {[#]} 53. Qd7+ $1 {[%mdl 576] Double Attack} Kg6 54. Qe8+ Kh7 55. Bg8+ Kh8 56. Bf7+ Bf8 57. Qxf8+ {[%mdl 64] Double Attack} Kh7 58. Qxh6#) 1-0